Carácter científico de la contabilidad (Registro nro. 9825)
[ vista simple ]
| 000 -LEADER | |
|---|---|
| fixed length control field | 00338 a2200109 4500 |
| 001 - CONTROL NUMBER | |
| control field | ART_25870 |
| 005 - DATE AND TIME OF LATEST TRANSACTION | |
| control field | 20260410161602.0 |
| 008 - FIXED-LENGTH DATA ELEMENTS--GENERAL INFORMATION | |
| fixed length control field | 260409a |
| 100 1# - MAIN ENTRY--PERSONAL NAME | |
| Personal name | García Casella, Carlos Luis |
| 245 10 - TITLE STATEMENT | |
| Title | Carácter científico de la contabilidad |
| 773 0# - HOST ITEM ENTRY | |
| Title | Profesional & Empresaria |
| Related parts | - Año VI, Nº 65 (feb. 2005) |
| Record control number | REV70 |
No hay ítems disponibles.